| 000 -GUIDE |
| Champ de contrôle de longueur fixe |
01054caa a22002177a 4500 |
| 003 - IDENTITÉ DU NUMÉRO DE CONTRÔLE |
| Champ de contrôle |
BI-BuBU |
| 008 - ÉLÉMENTS DE LONGUEUR FIXE - RENSEIGNEMENTS GÉNÉRAUX |
| Champ de contrôle de longueur fixe |
140314s2007 bd ||||| |||| 00| 0 eng d |
| 039 ## - NIVEAU DE CONTRÔLE BIBLIOGRAPHIQUE ET HISTORIQUE D'ENCODAGE [OBSOLETE] |
| Date creation |
20140318102251.0 |
| Nom catalographe |
Verhasselt |
| 040 ## - SOURCE DU CATALOGAGE |
| Organisme qui a effectué le catalogage original |
BI-BuBU |
| Code de la langue utilisée dans le catalogage |
fre |
| Organisme qui a effectué la transcription |
BI-BuBU |
| 080 0# - INDICE DE LA CLASSIFICATION DÉCIMALE UNIVERSELLE (CDU) |
| Indice de la Classification décimale universelle |
R.372.880.20 |
| 100 1# - VEDETTE PRINCIPALE - NOM DE PERSONNE |
| Code de relation |
aut |
| Nom de personne |
Ntahomvukiye, Damas |
| 245 13 - MENTION DU TITRE |
| Titre |
An evaluation of the teaching of writing skills in Burundian private universities : the case of first year students |
| Mention de responsabilité, etc. |
Damas Ntahomvukiye |
| 260 ## - PUBLICATION, DIFFUSION, ETC. (ADRESSE BIBLIOGRAPHIQUE) |
| Lieu de publication, diffusion, etc. |
Bujumbura |
| Nom de l'éditeur, diffuseur, etc. |
University of Burundi, Institute for Applied Pedagogy, English Department |
| Date of publication, distribution, etc |
2007 |
| 300 ## - DESCRIPTION MATÉRIELLE |
| Collation |
VI - 71 f. |
| Dimensions |
30 cm. |
| 502 ## - NOTE DE THÈSE OU MÉMOIRE |
| Note de thèse |
A Thesis submitted in partial fulfilment of the requirements for the Awards of the degree "Licence en Pédagogie Appliquée, Agrégé d'Enseignement Secondaire en Anglais" |
| 650 #7 - VEDETTE-MATIÈRE - NOM COMMUN |
| Vedette de sujet ou vedette comportant un nom géographique |
Anglais (langue). Ecriture. Enseignement. Evaluation. Université Privée Burundi |
| 650 #7 - VEDETTE-MATIÈRE - NOM COMMUN |
| Vedette de sujet ou vedette comportant un nom géographique |
CUD. DataWinIsis. Verhasselt |
| 942 ## - ÉLÉMENTS D'ENTRÉE ADDITIONNELLE (KOHA) |
| Type d item koha |
BOOK |